[Event "XI Paracin Festival 2018"]
[Site "Paracin"]
[Date "2018.07.10"]
[Round "5"]
[White "Cerovic, Danilo"]
[Black "Ivic, Velimir"]
[Result "0-1"]
[WhiteElo "2294"]
[BlackElo "2432"]
[Annotator "NA"]
[PlyCount "60"]
[EventDate "2018.07.06"]
[EventType "swiss"]
[EventCountry "SRB"]
[SourceTitle "playchess.com"]
[Source "ChessBase"]
[SourceQuality "1"]
[TimeControl "5400+30"]

1. Nf3 {[%emt 0:05:12]} Nf6 {[%emt 0:00:00]} 2. g3 {[%emt 0:01:03]} g6 {[%emt 0:00:00]} 3. Bg2 {[%emt 0:00:20]} Bg7 {[%emt 0:00:00]} 4. O-O {[%emt 0:00:20]} O-O {[%emt 0:00:01]} 5. c4 {[%emt 0:01:09]} d6 {[%emt 0:00:18]} 6. d4 {[%emt 0:00:39]} c5 {[%emt 0:01:21]} 7. Nc3 {[%emt 0:02:51]} Nc6 {[%emt 0:00:06]} 8. d5 {[%emt 0:01:43]} Na5 {[%emt 0:00:11]} 9. Nd2 {[%emt 0:00:07]} a6 {[%emt 0:01:01]} 10. Qc2 {[%emt 0:02:02]} Bd7 {[%emt 0:01:41]} 11. b3 {[%emt 0:02:19]} b5 {[%emt 0:00:21]} 12. Bb2 {[%emt 0:00:44]} Rb8 {[%emt 0:00:25]} 13. Rab1 {[%emt 0:00:40]} e5 {[%emt 0:03:37]} 14. dxe6 {[%emt 0:04:42]} Bxe6 {[%emt 0:00:25]} 15. Nce4 {[%emt 0:24:55]} Nxe4 {[%emt 0:26:39]} 16. Nxe4 {[%emt 0:03:25]} Bxb2 {[%emt 0:01:35]} 17. Rxb2 {[%emt 0:07:13]} bxc4 {[%emt 0:12:33]} 18. Qc3 {[%emt 0:12:49]} f5 {[%emt 0:04:24]} 19. Nxd6 {[%emt 0:00:58]} Qxd6 {[%emt 0:21:45]} 20. Qxa5 {[%emt 0:00:28]} cxb3 {[%emt 0:00:47]} 21. axb3 {[%emt 0:02:37]} Rxb3 {[%emt 0:01:10]} 22. Rxb3 {[%emt 0:04:13]} Bxb3 {[%emt 0:00:03]} 23. Rc1 {[%emt 0:05:51]} Rc8 {[%emt 0:04:55]} 24. Qa1 {[%emt 0:08:40]} c4 {[%emt 0:12:00]} 25. Qa5 {[%emt 0:06:05]} Rc5 {[%emt 0:01:06]} 26. Qc3 {[%emt 0:01:04]} a5 {[%emt 0:00:40]} 27. Re1 {[%emt 0:00:27]} Qe5 {[%emt 0:01:01]} 28. Qc1 {[%emt 0:00:51]} c3 {[%emt 0:00:55]} 29. e4 {[%emt 0:00:02]} c2 {[%emt 0:00:22]} 30. exf5 {[%emt 0:00:06]} Qxe1+ {[%emt 0:00:05]} 0-1

[Event "XI Paracin Festival 2018"]
[Site "Paracin"]
[Date "2018.07.10"]
[Round "5"]
[White "Gomes, Mary Ann"]
[Black "Radovanovic, Nikola"]
[Result "1/2-1/2"]
[WhiteElo "2284"]
[BlackElo "2425"]
[Annotator "TA"]
[PlyCount "40"]
[EventDate "2018.07.06"]
[EventType "swiss"]
[EventCountry "SRB"]
[SourceTitle "playchess.com"]
[Source "ChessBase"]
[SourceQuality "1"]

{[%evp 25,40,29,30,29,35,25,32,15,16,0,0,-1,-8,-5,-6,-3,0]} 1. e4 e5 2. Nf3 Nc6 3. Bb5 a6 4. Ba4 Nf6 {[%cal Bg8f6,Bf6d7,Bd7c5][%mdl 32]} 5. O-O Be7 6. Re1 d6 7. c3 Bg4 8. d3 Nd7 9. Nbd2 {[%cal Bb1d2,Bd2f1,Bf1g3][%mdl 32] C87: Closed Ruy Lopez: Steinitz-type lines after 6 Re1 d6} (9. Bc2 O-O 10. Nbd2 Bg5 11. h3 Bxf3 12. Nxf3 Bxc1 13. Rxc1 Qf6 14. d4 Rad8 15. a3 Ne7 16. Nh2 c5 {½-½ (120) Grischuk,A (2766)-Mamedyarov,S (2808) Leuven 2018}) 9... Nc5 10. Bc2 Ne6 11. Nf1 Ng5 12. Bxg5 Bxg5 13. h3 Bh5 {LiveBook: 44 Games} 14. Ng3 Bxf3 15. Qxf3 g6 16. Ba4 O-O {The position is equal.} 17. Bxc6 bxc6 {[#]} 18. d4 $146 Qe7 19. Qd3 Rfb8 20. b3 Qe6 1/2-1/2

[Event "XI Paracin Festival 2018"]
[Site "Paracin"]
[Date "2018.07.10"]
[Round "5"]
[White "Cvetkovic, Nemanja"]
[Black "Lajthajm, Borko"]
[Result "0-1"]
[WhiteElo "2278"]
[BlackElo "2422"]
[Annotator "NA"]
[PlyCount "104"]
[EventDate "2018.07.06"]
[EventType "swiss"]
[EventCountry "SRB"]
[SourceTitle "playchess.com"]
[Source "ChessBase"]
[SourceQuality "1"]
[TimeControl "5400+30"]

1. d4 {[%emt 0:00:00]} Nf6 {[%emt 0:00:00]} 2. c4 {[%emt 0:00:00]} e6 {[%emt 0:00:00]} 3. Nf3 {[%emt 0:00:00]} b6 {[%emt 0:00:18]} 4. g3 {[%emt 0:00:02]} Bb7 {[%emt 0:00:12]} 5. Bg2 {[%emt 0:00:12]} Bb4+ {[%emt 0:00:07]} 6. Nbd2 {[%emt 0:00:30]} O-O {[%emt 0:02:05]} 7. O-O {[%emt 0:00:17]} a5 {[%emt 0:00:18]} 8. Qc2 {[%emt 0:01:23]} Bxd2 {[%emt 0:00:06]} 9. Qxd2 {[%emt 0:00:06]} Be4 {[%emt 0:00:16]} 10. Bh3 {[%emt 0:02:48]} a4 {[%emt 0:02:50]} 11. Nh4 {[%emt 0:01:57]} h6 {[%emt 0:02:42]} 12. f3 {[%emt 0:00:42]} Bh7 {[%emt 0:00:12]} 13. e4 {[%emt 0:02:51]} d6 {[%emt 0:03:48]} 14. Qe2 {[%emt 0:11:16]} Re8 {[%emt 0:01:25]} 15. Be3 {[%emt 0:01:41]} Nc6 {[%emt 0:02:34]} 16. d5 Ne5 {[%emt 0:01:11]} 17. Ng2 {[%emt 0:21:03]} Ned7 {[%emt 0:00:37]} 18. Rad1 {[%emt 0:09:37]} Qe7 {[%emt 0:01:00]} 19. Rd3 {[%emt 0:02:54]} Ra5 {[%emt 0:07:06]} 20. Ra3 {[%emt 0:04:26]} Rb8 {[%emt 0:01:03]} 21. Qc2 {[%emt 0:11:26]} Rba8 {[%emt 0:06:20]} 22. Qc3 {[%emt 0:02:42]} Nf8 {[%emt 0:01:37]} 23. b4 {[%emt 0:03:03]} axb3 {[%emt 0:00:28]} 24. Rxa5 {[%emt 0:00:00]} Rxa5 {[%emt 0:00:38]} 25. axb3 {[%emt 0:00:02]} N6d7 {[%emt 0:01:27]} 26. Ra1 {[%emt 0:01:50]} Rxa1+ {[%emt 0:00:10]} 27. Qxa1 {[%emt 0:00:01]} Ne5 {[%emt 0:00:16]} 28. Ne1 {[%emt 0:05:01]} exd5 {[%emt 0:00:26]} 29. cxd5 {[%emt 0:01:07]} f5 {[%emt 0:00:27]} 30. Qd4 {[%emt 0:01:25]} fxe4 {[%emt 0:00:30]} 31. fxe4 {[%emt 0:00:02]} Ned7 {[%emt 0:00:15]} 32. Nd3 Qxe4 {[%emt 0:01:22]} 33. Qxe4 {[%emt 0:10:14]} Bxe4 {[%emt 0:00:09]} 34. Nb4 {[%emt 0:00:59]} Nf6 {[%emt 0:00:11]} 35. Bf1 {[%emt 0:01:42]} N8d7 {[%emt 0:01:01]} 36. Na6 {[%emt 0:04:28]} Nxd5 {[%emt 0:03:07]} 37. Bc4 {[%emt 0:00:01]} c6 {[%emt 0:00:11]} 38. Bf4 {[%emt 0:02:18]} Ne5 {[%emt 0:01:37]} 39. Bxe5 {[%emt 0:00:37]} dxe5 {[%emt 0:00:06]} 40. Nb4 {[%emt 0:00:30]} b5 {[%emt 0:00:10]} 41. Nxc6 {[%emt 0:00:06]} bxc4 {[%emt 0:00:11]} 42. bxc4 {[%emt 0:00:05]} Nf6 {[%emt 0:01:29]} 43. Nxe5 {[%emt 0:00:02]} Bf5 {[%emt 0:00:43]} 44. Kg2 {[%emt 0:00:18]} Be6 {[%emt 0:00:38]} 45. Kf3 {[%emt 0:02:07]} Nd7 {[%emt 0:00:07]} 46. Nd3 {[%emt 0:00:27]} Bxc4 {[%emt 0:00:08]} 47. Nf2 {[%emt 0:00:35]} Kf7 {[%emt 0:00:46]} 48. h4 {[%emt 0:00:09]} Ne5+ {[%emt 0:00:36]} 49. Ke4 {[%emt 0:00:14]} Ke6 {[%emt 0:00:08]} 50. Nh3 {[%emt 0:00:12]} Bd5+ {[%emt 0:00:38]} 51. Kd4 {[%emt 0:00:07]} Bf3 {[%emt 0:00:28]} 52. Nf4+ {[%emt 0:01:03]} Kf5 0-1

[Event "XI Paracin Festival 2018"]
[Site "Paracin"]
[Date "2018.07.10"]
[Round "5"]
[White "Popovic, Milan S"]
[Black "Martic, Ivan"]
[Result "1/2-1/2"]
[WhiteElo "2264"]
[BlackElo "2375"]
[Annotator "NA"]
[PlyCount "43"]
[EventDate "2018.07.06"]
[EventType "swiss"]
[EventCountry "SRB"]
[SourceTitle "playchess.com"]
[Source "ChessBase"]
[SourceQuality "1"]
[TimeControl "5400+30"]

1. d4 {[%emt 0:00:00]} Nf6 {[%emt 0:00:00]} 2. Nf3 {[%emt 0:00:00]} g6 {[%emt 0:00:50]} 3. Bg5 {[%emt 0:00:01]} Bg7 {[%emt 0:00:14]} 4. Nbd2 {[%emt 0:00:06]} O-O {[%emt 0:00:15]} 5. c3 {[%emt 0:00:14]} d6 {[%emt 0:00:11]} 6. e4 {[%emt 0:00:05]} c5 {[%emt 0:00:43]} 7. dxc5 {[%emt 0:00:12]} dxc5 {[%emt 0:00:06]} 8. Be2 {[%emt 0:03:35]} Nc6 {[%emt 0:01:32]} 9. O-O {[%emt 0:00:30]} Qc7 {[%emt 0:00:30]} 10. Re1 {[%emt 0:02:28]} Rd8 {[%emt 0:00:50]} 11. Qc2 {[%emt 0:00:11]} h6 {[%emt 0:07:48]} 12. Be3 {[%emt 0:00:35]} Ng4 {[%emt 0:04:56]} 13. Bxc5 {[%emt 0:15:16]} Nce5 {[%emt 0:00:22]} 14. Nxe5 {[%emt 0:15:41]} Bxe5 {[%emt 0:02:33]} 15. h3 {[%emt 0:23:18]} Bh2+ {[%emt 0:48:35]} 16. Kf1 {[%emt 0:03:59]} Qxc5 {[%emt 0:00:48]} 17. Bxg4 {[%emt 0:02:52]} Bxg4 {[%emt 0:00:52]} 18. hxg4 {[%emt 0:00:06]} Bf4 {[%emt 0:00:53]} 19. Nf3 {[%emt 0:00:24]} Qc8 {[%emt 0:00:53]} 20. g3 {[%emt 0:05:46]} Qxg4 {[%emt 0:00:47]} 21. Kg2 {[%emt 0:00:24]} Bc7 {[%emt 0:04:39]} 22. Qd1 1/2-1/2

[Event "XI Paracin Festival 2018"]
[Site "Paracin"]
[Date "2018.07.10"]
[Round "5"]
[White "Uzumcu, Ahmet Utku"]
[Black "Atakisi, Umut"]
[Result "1/2-1/2"]
[WhiteElo "2261"]
[BlackElo "2390"]
[Annotator "NA"]
[PlyCount "77"]
[EventDate "2018.07.06"]
[EventType "swiss"]
[EventCountry "SRB"]
[SourceTitle "playchess.com"]
[Source "ChessBase"]
[SourceQuality "1"]
[TimeControl "5400+30"]

1. e4 {[%emt 0:00:00]} c5 {[%emt 0:10:01]} 2. Nf3 {[%emt 0:00:00]} Nc6 {[%emt 0:00:06]} 3. d4 {[%emt 0:00:06]} cxd4 {[%emt 0:00:02]} 4. Nxd4 {[%emt 0:00:06]} g6 {[%emt 0:00:05]} 5. Nc3 {[%emt 0:00:22]} Bg7 {[%emt 0:00:06]} 6. Be3 {[%emt 0:00:09]} Nf6 {[%emt 0:00:05]} 7. Bc4 {[%emt 0:00:23]} O-O {[%emt 0:00:07]} 8. Bb3 {[%emt 0:00:13]} d6 {[%emt 0:00:35]} 9. f3 {[%emt 0:00:42]} Bd7 {[%emt 0:00:07]} 10. Qd2 {[%emt 0:00:25]} Nxd4 {[%emt 0:00:07]} 11. Bxd4 {[%emt 0:00:06]} b5 {[%emt 0:00:05]} 12. a4 {[%emt 0:00:04]} b4 {[%emt 0:00:31]} 13. Nd5 {[%emt 0:01:48]} Nxd5 {[%emt 0:00:09]} 14. Bxg7 {[%emt 0:00:47]} Kxg7 {[%emt 0:00:08]} 15. exd5 {[%emt 0:00:06]} Qa5 {[%emt 0:10:57]} 16. O-O {[%emt 0:07:35]} Qc5+ {[%emt 0:03:44]} 17. Kh1 {[%emt 0:01:59]} e5 {[%emt 0:01:45]} 18. dxe6 {[%emt 0:05:55]} Bxe6 {[%emt 0:00:51]} 19. Rad1 {[%emt 0:12:58]} Rfe8 {[%emt 0:14:43]} 20. h3 {[%emt 0:10:08]} Bxb3 {[%emt 0:17:34]} 21. cxb3 {[%emt 0:00:08]} Re6 {[%emt 0:00:09]} 22. Rfe1 {[%emt 0:09:23]} Rae8 {[%emt 0:00:29]} 23. Rxe6 {[%emt 0:01:48]} Rxe6 {[%emt 0:00:08]} 24. Qd4+ {[%emt 0:00:51]} Qxd4 {[%emt 0:05:12]} 25. Rxd4 {[%emt 0:00:04]} Re2 {[%emt 0:18:58]} 26. Rxd6 {[%emt 0:02:20]} Rxb2 {[%emt 0:00:23]} 27. Ra6 {[%emt 0:00:15]} Rxb3 {[%emt 0:00:07]} 28. Rxa7 {[%emt 0:00:03]} Ra3 {[%emt 0:01:06]} 29. a5 {[%emt 0:01:10]} Kf6 {[%emt 0:00:08]} 30. Rb7 {[%emt 0:00:32]} b3 {[%emt 0:00:37]} 31. Rb5 {[%emt 0:03:51]} h5 {[%emt 0:02:53]} 32. a6 {[%emt 0:04:57]} h4 {[%emt 0:01:06]} 33. a7 {[%emt 0:01:01]} Rxa7 {[%emt 0:00:07]} 34. Rxb3 {[%emt 0:00:04]} Ra4 {[%emt 0:00:08]} 35. Rb5 {[%emt 0:00:44]} Kg7 {[%emt 0:00:23]} 36. Kg1 {[%emt 0:01:41]} f5 {[%emt 0:00:07]} 37. Rb6 {[%emt 0:01:13]} Kh6 {[%emt 0:00:18]} 38. Kf2 {[%emt 0:01:41]} Kg5 {[%emt 0:00:02]} 39. Rc6 {[%emt 0:00:36]} 1/2-1/2

[Event "XI Paracin Festival 2018"]
[Site "Paracin"]
[Date "2018.07.10"]
[Round "5"]
[White "Ivic, Matija"]
[Black "Brankovic, Dejan"]
[Result "1/2-1/2"]
[WhiteElo "2245"]
[BlackElo "2377"]
[Annotator "NA"]
[PlyCount "40"]
[EventDate "2018.07.06"]
[EventType "swiss"]
[EventCountry "SRB"]
[SourceTitle "playchess.com"]
[Source "ChessBase"]
[SourceQuality "1"]
[TimeControl "5400+30"]

1. Nf3 {[%emt 0:00:00]} Nf6 {[%emt 0:00:00]} 2. b3 {[%emt 0:01:48]} g6 {[%emt 0:01:51]} 3. Bb2 {[%emt 0:00:13]} Bg7 {[%emt 0:00:01]} 4. c4 {[%emt 0:01:11]} O-O {[%emt 0:05:10]} 5. g3 {[%emt 0:01:59]} d6 {[%emt 0:02:51]} 6. Bg2 {[%emt 0:00:06]} c6 {[%emt 0:08:53]} 7. O-O {[%emt 0:01:34]} Qa5 {[%emt 0:01:54]} 8. h3 {[%emt 0:00:51]} b5 {[%emt 0:02:54]} 9. d3 {[%emt 0:02:40]} Bb7 {[%emt 0:03:01]} 10. Qd2 {[%emt 0:02:52]} Qxd2 {[%emt 0:01:00]} 11. Nbxd2 {[%emt 0:00:07]} bxc4 {[%emt 0:12:57]} 12. bxc4 {[%emt 0:01:04]} Nbd7 {[%emt 0:07:52]} 13. Rab1 {[%emt 0:01:41]} Rab8 {[%emt 0:02:57]} 14. Nd4 {[%emt 0:03:05]} Rfc8 {[%emt 0:01:15]} 15. Ba3 {[%emt 0:01:25]} Ne8 {[%emt 0:15:22]} 16. e3 {[%emt 0:11:22]} Bxd4 {[%emt 0:04:47]} 17. exd4 {[%emt 0:00:13]} Ba8 {[%emt 0:01:43]} 18. Nb3 {[%emt 0:00:13]} Rb6 {[%emt 0:01:05]} 19. Rfe1 {[%emt 0:01:56]} e6 {[%emt 0:03:44]} 20. Nd2 {[%emt 0:08:14]} Rcb8 {[%emt 0:02:17]} 1/2-1/2

[Event "XI Paracin Festival 2018"]
[Site "Paracin"]
[Date "2018.07.10"]
[Round "5"]
[White "Olson, Hamish"]
[Black "Nestorovic, Dejan"]
[Result "0-1"]
[WhiteElo "2229"]
[BlackElo "2341"]
[Annotator "NA"]
[PlyCount "80"]
[EventDate "2018.07.06"]
[EventType "swiss"]
[EventCountry "SRB"]
[SourceTitle "playchess.com"]
[Source "ChessBase"]
[SourceQuality "1"]
[TimeControl "5400+30"]

1. e4 {[%emt 0:04:04]} c5 {[%emt 0:00:00]} 2. c3 {[%emt 0:00:17]} Nf6 {[%emt 0:01:27]} 3. d3 {[%emt 0:02:55]} Nc6 {[%emt 0:03:12]} 4. Nf3 {[%emt 0:00:11]} d6 {[%emt 0:03:34]} 5. Be2 {[%emt 0:00:35]} g6 {[%emt 0:01:52]} 6. O-O {[%emt 0:00:17]} Bg7 {[%emt 0:00:06]} 7. Re1 {[%emt 0:00:57]} O-O {[%emt 0:00:19]} 8. Nbd2 {[%emt 0:01:04]} Bg4 {[%emt 0:16:44]} 9. h3 {[%emt 0:00:47]} Bxf3 {[%emt 0:02:52]} 10. Nxf3 {[%emt 0:00:15]} Rc8 {[%emt 0:09:30]} 11. Bf1 {[%emt 0:10:17]} Nd7 {[%emt 0:02:11]} 12. Be3 {[%emt 0:07:08]} b5 {[%emt 0:06:51]} 13. a3 {[%emt 0:03:57]} a5 {[%emt 0:01:46]} 14. a4 {[%emt 0:04:20]} b4 {[%emt 0:02:36]} 15. Rc1 {[%emt 0:06:57]} Nb6 {[%emt 0:14:44]} 16. d4 {[%emt 0:06:58]} bxc3 {[%emt 0:00:58]} 17. bxc3 {[%emt 0:02:44]} cxd4 {[%emt 0:00:07]} 18. cxd4 {[%emt 0:00:10]} Nb4 {[%emt 0:00:08]} 19. Qb3 {[%emt 0:01:03]} Nd7 {[%emt 0:08:32]} 20. Bc4 {[%emt 0:05:28]} e6 {[%emt 0:09:48]} 21. Bd2 {[%emt 0:17:26]} Nc6 {[%emt 0:05:56]} 22. Qe3 Ndb8 {[%emt 0:02:26]} 23. d5 {[%emt 0:11:32]} exd5 {[%emt 0:00:09]} 24. Bxd5 {[%emt 0:00:13]} Nb4 {[%emt 0:00:00]} 25. Rxc8 {[%emt 0:03:12]} Qxc8 {[%emt 0:01:01]} 26. Rc1 Qd7 27. Qb3 {[%emt 0:01:17]} N8a6 {[%emt 0:01:42]} 28. Be3 {[%emt 0:01:20]} Bf6 {[%emt 0:01:40]} 29. Nd2 {[%emt 0:05:26]} Rb8 {[%emt 0:01:12]} 30. Bc4 {[%emt 0:01:10]} Nc5 {[%emt 0:00:46]} 31. Bxc5 {[%emt 0:00:11]} dxc5 {[%emt 0:00:01]} 32. Nf3 {[%emt 0:00:42]} Nc6 {[%emt 0:01:22]} 33. Bb5 {[%emt 0:02:38]} Nd4 {[%emt 0:00:17]} 34. Nxd4 {[%emt 0:00:08]} Bxd4 {[%emt 0:00:25]} 35. Qd5 Qe7 {[%emt 0:00:28]} 36. Rf1 {[%emt 0:01:48]} Kg7 {[%emt 0:00:56]} 37. g3 {[%emt 0:00:29]} Rd8 {[%emt 0:00:26]} 38. Qc6 {[%emt 0:00:09]} Rd6 {[%emt 0:00:30]} 39. Qa8 {[%emt 0:00:30]} Re6 {[%emt 0:00:53]} 40. Bc6 {[%emt 0:00:18]} Qd6 {[%emt 0:00:13]} 0-1

[Event "XI Paracin Festival 2018"]
[Site "Paracin"]
[Date "2018.07.10"]
[Round "5"]
[White "Parnali, S Dharia"]
[Black "Budisavljevic, Luka"]
[Result "1/2-1/2"]
[WhiteElo "2170"]
[BlackElo "2324"]
[Annotator "NA"]
[PlyCount "76"]
[EventDate "2018.07.06"]
[EventType "swiss"]
[EventCountry "SRB"]
[SourceTitle "playchess.com"]
[Source "ChessBase"]
[SourceQuality "1"]
[TimeControl "5400+30"]

1. d4 Nf6 2. c4 a6 3. Nc3 c5 4. d5 b5 5. Nf3 b4 6. Nb1 d6 7. Bg5 Ne4 8. Bf4 e5 9. dxe6 fxe6 10. e3 Be7 11. Bd3 Nf6 12. Nbd2 Nc6 13. Qc2 Rb8 14. b3 a5 15. Ng5 Nh5 16. Be4 Nd4 17. exd4 Nxf4 18. Nxh7 cxd4 19. g3 d3 20. Qd1 Bb7 21. gxf4 Rxh7 22. Bxh7 Bxh1 23. Qh5+ Kd7 24. Bxd3 Qb6 25. Ke2 Bc6 26. Nf3 Rf8 27. f5 Qc5 28. Qg6 Bxf3+ 29. Kxf3 Rf6 30. Qg4 exf5 31. Qf4 Qe5 32. Rd1 Kc6 33. h4 Rf8 34. h5 Rf6 35. Rg1 Rf7 36. Rd1 Kc5 37. Qe3+ Qxe3+ 38. fxe3 Bg5 1/2-1/2

[Event "XI Paracin Festival 2018"]
[Site "Paracin"]
[Date "2018.07.10"]
[Round "5"]
[White "Uuriintuya, Uurtsaikh"]
[Black "Konaplev, Anton"]
[Result "1/2-1/2"]
[WhiteElo "2158"]
[BlackElo "2316"]
[Annotator "ChessBase"]
[PlyCount "101"]
[EventDate "2018.07.06"]
[EventType "swiss"]
[EventCountry "SRB"]
[SourceTitle "playchess.com"]
[Source "ChessBase"]
[SourceQuality "1"]
[TimeControl "5400+30"]

1. e4 {[%emt 0:00:00]} e6 {[%emt 0:00:00]} 2. d4 {[%emt 0:00:00]} d5 {[%emt 0:00:00]} 3. Nd2 {[%emt 0:00:00]} c5 {[%emt 0:00:11]} 4. Ngf3 {[%emt 0:00:50]} Nf6 {[%emt 0:00:10]} 5. exd5 {[%emt 0:00:33]} exd5 {[%emt 0:00:37]} 6. Bb5+ {[%emt 0:01:15]} Bd7 {[%emt 0:00:09]} 7. Bxd7+ {[%emt 0:00:37]} Nbxd7 {[%emt 0:00:07]} 8. dxc5 {[%emt 0:00:29]} Qe7+ {[%emt 0:02:31]} 9. Qe2 {[%emt 0:00:20]} Qxe2+ {[%emt 0:01:50]} 10. Kxe2 {[%emt 0:00:07]} Bxc5 {[%emt 0:05:10]} 11. Nb3 {[%emt 0:01:43]} Bb6 {[%emt 0:01:05]} 12. Re1 {[%emt 0:07:53]} O-O {[%emt 0:04:59]} 13. Bf4 {[%emt 0:06:36]} Ne4 {[%emt 0:13:55]} 14. Nfd4 {[%emt 0:02:42]} Rac8 {[%emt 0:05:59]} 15. f3 {[%emt 0:11:44]} Nec5 {[%emt 0:02:05]} 16. Kd2 {[%emt 0:00:12]} Nxb3+ {[%emt 0:12:58]} 17. Nxb3 {[%emt 0:00:10]} Rfe8 {[%emt 0:02:27]} 18. Rad1 {[%emt 0:06:27]} Nf8 {[%emt 0:06:55]} 19. c3 {[%emt 0:07:11]} Ne6 {[%emt 0:14:13]} 20. Be3 {[%emt 0:00:51]} Bxe3+ {[%emt 0:00:31]} 21. Rxe3 {[%emt 0:01:07]} Kf8 {[%emt 0:01:52]} 22. g3 {[%emt 0:00:30]} Nc7 {[%emt 0:05:06]} 23. Rde1 {[%emt 0:05:08]} Rxe3 {[%emt 0:01:11]} 24. Rxe3 {[%emt 0:00:06]} Ne6 {[%emt 0:01:13]} 25. f4 g6 {[%emt 0:02:08]} 26. Kd3 {[%emt 0:08:16]} Ke7 {[%emt 0:03:05]} 27. Nd4 {[%emt 0:05:47]} Kd6 {[%emt 0:01:42]} 28. Nxe6 {[%emt 0:02:33]} fxe6 {[%emt 0:00:01]} 29. Re5 {[%emt 0:01:29]} b5 {[%emt 0:05:20]} 30. h4 {[%emt 0:02:01]} a5 {[%emt 0:01:18]} 31. Kd4 {[%emt 0:04:25]} Rc4+ {[%emt 0:01:20]} 32. Kd3 {[%emt 0:00:07]} Rc7 {[%emt 0:03:16]} 33. b3 {[%emt 0:06:13]} a4 {[%emt 0:00:30]} 34. Kd4 {[%emt 0:05:18]} axb3 {[%emt 0:00:14]} 35. axb3 {[%emt 0:00:30]} Ra7 {[%emt 0:00:27]} 36. h5 {[%emt 0:00:23]} Ra1 {[%emt 0:02:53]} 37. hxg6 {[%emt 0:00:23]} hxg6 {[%emt 0:00:01]} 38. Rg5 {[%emt 0:00:12]} Rd1+ {[%emt 0:00:42]} 39. Ke3 {[%emt 0:00:02]} b4 {[%emt 0:00:48]} 40. cxb4 {[%emt 0:05:05]} Rb1 {[%emt 0:00:01]} 41. Rxg6 {[%emt 0:00:20]} Rxb3+ {[%emt 0:00:01]} 42. Kd2 {[%emt 0:03:47]} Ke7 {[%emt 0:01:11]} 43. Kc2 {[%emt 0:02:33]} Rxb4 {[%emt 0:00:34]} 44. Kd3 {[%emt 0:00:13]} Kf7 {[%emt 0:00:04]} 45. Rg5 {[%emt 0:00:04]} Kf6 {[%emt 0:00:14]} 46. Rg8 {[%emt 0:00:12]} Kf7 {[%emt 0:00:28]} 47. Rg5 {[%emt 0:00:06]} Re4 {[%emt 0:00:29]} 48. Rh5 {[%emt 0:00:44]} Re1 {[%emt 0:00:25]} 49. Kd4 {[%emt 0:00:42]} Rg1 {[%emt 0:00:45]} 50. f5 {[%emt 0:01:14]} Rxg3 {[%emt 0:00:42]} 51. fxe6+ {[%emt 0:00:08]} 1/2-1/2